Deserts and semi-deserts. (Record no. 112403)
[ view plain ]
| 000 -LEADER | |
|---|---|
| fixed length control field | 00582nam a2200157 a 4500 |
| 001 - CONTROL NUMBER | |
| control field | 4140 |
| 005 - DATE AND TIME OF LATEST TRANSACTION | |
| control field | 20140414131935.0 |
| 008 - FIXED-LENGTH DATA ELEMENTS--GENERAL INFORMATION | |
| fixed length control field | 090218s19uu xx 00 eng d |
| 050 ## - LIBRARY OF CONGRESS CALL NUMBER | |
| Classification number | REF 577.54 |
| Item number | Al5 2005 |
| 100 ## - MAIN ENTRY--PERSONAL NAME | |
| Personal name | Allaby, Michael |
| 245 ## - TITLE STATEMENT | |
| Title | Deserts and semi-deserts. |
| 260 ## - PUBLICATION, DISTRIBUTION, ETC. (IMPRINT) | |
| Place of publication, distribution, etc | Austin, TX : |
| Name of publisher, distributor, etc | Raintree Steck-Vaughn, |
| Date of publication, distribution, etc | 2002. |
| 440 ## - SERIES STATEMENT/ADDED ENTRY--TITLE | |
| Title | Biomes atlases |
| 520 ## - SUMMARY, ETC. | |
| Summary, etc | A comprehensive look at the desert and semidesert biomes, examining their climate, plants, animals, people, and future, plus detailed views of some famous or important desert locations. |
| Withdrawn status | Lost status | Damaged status | Use restrictions | Home library | Current library | Shelving location | Date acquired | Source of acquisition | Total Checkouts | Full call number | Barcode | Date last seen | Price effective from | Koha item type |
|---|---|---|---|---|---|---|---|---|---|---|---|---|---|---|
| Munich Library | Munich Library | Reference Section | 02/18/2009 | REF 577.54 Al5 2005 | M3692 | 04/14/2014 | 04/14/2014 | Books |